000 00375nam a2200157Ia 4500
008 230711s9999||||xx |||||||||||||| ||und||
041 _aENG
082 _a720
_bCH-A
100 _aChing F DK
245 0 _aArchitecture form space and order
250 _a1st
260 _c1979
_aNew York
_bVan Nostrand Reinhold Co.
300 _a394
650 _aArchitecture
942 _cBK
999 _c2175
_d2175